000 01392cam a22003737a 4500
001 14439882
003 OSt
005 20160419164759.0
008 060706s2005 enka b 001 0 eng d
010 _a 2006530758
015 _aGBA524367
_2bnb
016 7 _a013128921
_2Uk
020 _a0521850274
024 3 _a9780521850274
035 _a(CStRLIN)CTYA6975071-B
035 _a(CtY)6975071
040 _aUKM
_beng
_cUKM
_dIXA
_dDLC
042 _aukblsr
_alccopycat
050 0 0 _aTA418.9.S62
_bS46 2005
082 0 4 _a537.5
_bSIN 2005
100 1 _aSingh, Jasprit.
_98101
245 1 0 _aSmart electronic materials :
_bfundamentals and applications /
_cJasprit Singh.
260 _aCambridge :
_bCambridge University Press,
_c2005.
300 _axxii, 408 p. :
_bill. ;
_c26 cm.
504 _aIncludes bibliographical references and index.
650 0 _aSmart materials.
_98102
650 0 _aElectronics
_xMaterials.
_98103
856 4 2 _3Publisher description
_uhttp://www.loc.gov/catdir/enhancements/fy0664/2006530758-d.html
856 4 1 _3Table of contents only
_uhttp://www.loc.gov/catdir/enhancements/fy0664/2006530758-t.html
856 4 2 _3Contributor biographical information
_uhttp://www.loc.gov/catdir/enhancements/fy0733/2006530758-b.html
906 _a7
_bcbc
_ccopycat
_d2
_encip
_f20
_gy-gencatlg
942 _2ddc
_cSLOAN
999 _c3639
_d3639